Physical properties of textile fibres (Record no. 25462)

MARC details
000 -LEADER
fixed length control field 00337nam a2200133Ia 4500
082 ## - DEWEY DECIMAL CLASSIFICATION NUMBER
Classification number 677.02
Item number MOR
100 ## - MAIN ENTRY--AUTHOR NAME
Personal name Hearle, J W S
245 #0 - TITLE STATEMENT
Title Physical properties of textile fibres
260 ## - PUBLICATION, DISTRIBUTION, ETC. (IMPRINT)
Place of publication London
Name of publisher Textile
Year of publication 1962
650 ## - SUBJECT ADDED ENTRY--TOPICAL TERM
Topical Term Textile fibres
700 ## - ADDED ENTRY--PERSONAL NAME
Personal name Morton, W E
942 ## - ADDED ENTRY ELEMENTS (KOHA)
Koha item type Books
Holdings
Withdrawn status Lost status Damaged status Not for loan Home library Current library Date acquired Cost, normal purchase price Full call number Accession Number Koha item type
        RRII Library RRII Library 16/12/2021 15.00 677.02 MOR 06120 Books